000 01301nam a2200337 a 4500
001 000111022
003 CHAP
005 20220329144154.0
008 141125s2014 mx a fsm |||||||spa d
010 _a107484
011 _a108456
040 _cCHAP
090 _aTesis
100 1 _aGarcía Matamoros, Mauricio
_9128812
245 1 0 _aAnálisis económico y agronómico de la agricultura por contrato en maíz blanco del ciclo P-V 2013 en el distrito de desarrollo rural de libres, Puebla
_h[En línea]
_cpor Mauricio García Matamoros.
260 _aChapingo, Méx. :
_bEl autor,
_c2014.
500 _aPara ver el contenido del material haga clic en la liga
502 _aTesis (Ing. Agr. Esp. en Economía Agrícola) -- UACH. División de Ciencias Económico Administativas
590 _aE11695DGD
_b10
_c20141125
_lUCH01
_h1407
590 _aE5995AHE
_b05
_c20141125
_lUCH01
_h1148
590 _aE5995AHE
_b05
_c20141125
_lUCH01
_h1148
590 _aE5995AHE
_b05
_c20141125
_lUCH01
_h1156
650 1 4 _aAgricultura contractual.
_91944
650 1 4 _aMaíz
_xCalidad.
_970894
650 1 4 _aMaíz
_xComercialización.
_970907
650 1 4 _aMaíz
_xPrecios.
_971039
856 _aFinding aid
_uhttp://10.13.5.2/tesis/sist111022.pdf
_zTeclea aquí
901 _aBK
942 _cTESIS
942 _n0
999 _c107484
_d107484